| 000 | 00546nam a2200229Ia 4500 | ||
|---|---|---|---|
| 001 | 17343 | ||
| 003 | GE_BSU | ||
| 008 | 181216s||||||||xx |||||||||||||| ||und|| | ||
| 020 | _a9783190074488 | ||
| 040 | _cGE_BSU | ||
| 080 | _a811.112 | ||
| 100 | _aHall,Karin | ||
| 245 | _aUbungsgrammatik fUr fortgeschrittene | ||
| 245 | _bDeutsch als fremdsprache | ||
| 260 | _aMunchen | ||
| 260 | _c2001 | ||
| 300 | _a430p. | ||
| 541 | _h20Gel. | ||
| 653 | _aDeutsch als fremdsprache | ||
| 653 | _aUbungsgrammatik fUr fortgeschrittene | ||
| 942 | _cBK | ||
| 999 |
_c50399 _d50399 |
||